书目信息 |
| 题名: |
黑白人生
|
|
| 作者: | 王振华 著 | |
| 分册: | ||
| 出版信息: | 北京 团结出版社 2011 |
|
| 页数: | 12,302页 | |
| 开本: | 24cm | |
| 丛书名: | ||
| 单 册: | ||
| 中图分类: | I247.53 , K828.9=71 | |
| 科图分类: | ||
| 主题词: | 传记小说--中国--当代 , 长篇小说--中国--当代 | |
| 电子资源: | ||
| ISBN: | 978-7-5126-0323-3 | |
| 000 | 00953nam0 2200289 45 | |
| 001 | 012001002016 | |
| 005 | 20140926114739.0 | |
| 010 | @a978-7-5126-0323-3@dCNY45.00 | |
| 100 | @a20110614d2011 em y0chiy50 ea | |
| 101 | 0 | @achi |
| 102 | @aCN@b110000 | |
| 105 | @ay z 000yy | |
| 106 | @ar | |
| 200 | 1 | @a黑白人生@9hei bai ren sheng@e帮会龙头老大杜月笙@f王振华著 |
| 210 | @a北京@c团结出版社@d2011 | |
| 215 | @a12,302页@c照片,肖像@d24cm | |
| 300 | @a其他题名:帮会龙头老大杜月笙 | |
| 330 | @a本书以独特的文学视角运用纪实写作手法为读者展现杜月笙曲折跌宕、惊世骇俗、无人能出其右的一生。 | |
| 517 | 1 | @a帮会龙头老大杜月笙@9bang hui long tou lao da du yue sheng |
| 600 | 0 | @a杜月笙@f(1888-1951)@x传记 |
| 606 | 0 | @a传记小说@y中国@z当代 |
| 606 | 0 | @a长篇小说@y中国@z当代 |
| 690 | @aI247.53@v4 | |
| 690 | @aK828.9=71@v4 | |
| 701 | 0 | @a王振华@9wang zhen hua@4著 |
| 801 | 0 | @aCN@b上海新华@c20180901 |
| 905 | @b1152577-81@dI247.53@e4777@f5 | |
| 黑白人生:帮会龙头老大杜月笙/王振华著.-北京:团结出版社,2011 |
| 12,302页:照片,肖像;24cm |
| 其他题名:帮会龙头老大杜月笙 |
| ISBN 978-7-5126-0323-3:CNY45.00 |
| 本书以独特的文学视角运用纪实写作手法为读者展现杜月笙曲折跌宕、惊世骇俗、无人能出其右的一生。 |
| ● |
| 相关链接 |
|
|
|
|
正题名:黑白人生
索取号:I247.53/4777
 
预约/预借
| 序号 | 登录号 | 条形码 | 馆藏地/架位号 | 状态 | 备注 |
| 1 | 1152577 | 211525777 | 第一样本阅览室/ [索取号:I247.53/4777] | 在馆 | |
| 2 | 1152578 | 211525786 | 密集书库-文学院/ [索取号:I247.53/4777] | 在馆 | |
| 3 | 1152579 | 211525795 | 第二借阅区/ [索取号:I247.53/4777] | 在馆 | |
| 4 | 1152580 | 211525802 | 第二借阅区/ [索取号:I247.53/4777] | 在馆 | |
| 5 | 1152581 | 211525811 | 第二借阅区/ [索取号:I247.53/4777] | 在馆 |